| 000 | 03346cam a2200409Mi 4500 | ||
|---|---|---|---|
| 003 | PE-LiUPU | ||
| 005 | 20250731183342.0 | ||
| 008 | 140806s2014 sp a 001 0 spa d | ||
| 020 | _a849749587X | ||
| 020 | _a9788497495875 | ||
| 035 | _a(Sirsi) i9788497495875 | ||
| 040 |
_aPE-LiUPU _bspa _cPE-LiUPU _erda |
||
| 049 | _aPRUA | ||
| 082 |
_a720.288 _bA55 _220 |
||
| 100 | 1 | _aAmo Pérez, María Pilar del. | |
| 245 | 1 | 3 |
_aLa intervención en la arquitectura : _bla acción restauradora y rehabilitadora : el mantenimiento : aspectos generales de la patología / _cMaría Pilar del Amo Pérez. |
| 300 |
_a228 páginas : _bilustraciones ; _c30 centímetros. |
||
| 336 |
_atext _2rdacontent |
||
| 337 |
_aunmediated _2rdamedia |
||
| 338 |
_avolume _2rdacarrier |
||
| 490 | 0 |
_aManuais _v34 |
|
| 504 | _aBibliografía : páginas 223-228. | ||
| 505 | _aINTRODUCCIÓN -- La degradación de los edificios y del espacio urbano. La intervención -- Ladegradación de los edificios -- La degradación urbana -- Unidad 1 La intervención en la arquitectura: La acción restauradora y rehabilitadora. El mantenimiento -- Capítulo 1 La acción restauradora. Introducción a la intervención en el patrimonio -- El patrimonio -- Criterios de intervención en restauración -- Organismos gestores-- Capítulo 2 La acción rehabilitadora -- La rehabilitación de los edificios -- La rehabilitación, regeneración y renovación urbana -- Normativa de aplicación vigente sobre rehabilitación -- Gestión de la rehabilitación. Directrices y protocolos para una intervención subvencionada -- Capítulo 3 El mantenimiento -- El mantenimiento y el deber de conservación -- Evaluación del estado de conservación de un edificio -- Mantenimiento y LOE. El libro del edificio -- Mantenimiento y CTE. Las instrucciones de uso y mantenimiento. El Plan de Mantenimiento del Edificio -- Unidad 2 Aspectos generales de la patología -- Capítulo 1 El proceso patológico -- Introducción al proceso -- Agentes desencadenantes de un proceso patologico -- Procesos patológicos más frecuentes -- Capítulo 2 Metodología a seguir en un estudio patológico -- Observación preliminar -- Reconocimiento -- Análisis de los datos y reconstrucción del proceso patológico -- Diagnóstico del proceso patológico y conclusiones -- Propuesta de actuación: terapeútica curativa y preventiva -- El proyecto de intervención -- Capítulo 3 Técnicas de diagnóstico y herramientas de apoyo -- Inspecciones mediante la realización de catas y pozos -- Ensayos e inspecciones no destructivas de diagnóstico -- Instrumentos, técnicas de inspección y procesos patológicos -- Herramientas de apoyo -- Bibliografía. | ||
| 526 | _aP158 | ||
| 526 | _aP146 | ||
| 526 | _aP17 | ||
| 526 | _aP12 | ||
| 526 | _aP06 | ||
| 650 | 7 |
_aArquitectura _xRestauración. _2embne |
|
| 650 | 0 | 4 |
_aArquitectura _xConservación y restauración. |
| 910 | _ajck | ||
| 942 |
_2ddc _cBOOK |
||
| 949 |
_a720.288 A55 _wDEWEY _c1 _i72896 _d2016-8-14 _e2016-8-11 _lCCODEBUL1 _mBUL _n1 _p22.26 _r0 _sY _tBOOK _u2016-5-9 _xINGENIERIA _0COMPRA _o.STAFF. Colección General |
||
| 999 |
_c9334 _d9334 |
||
| 980 |
_81 _gALBERTO SANCHEZ Responsable de Automatización |
||
| 264 |
_aA Coruña : _bUniversidade da Coruña, Servizo de Publicacións, _c2014. |
||